MARC

LEADER 00000nam0a2200000 4500
001 284990
005 20231101235742.0
020 |a RU  |b 85-26034 
035 |a (RuTPU)RU\TPU\book\309188 
090 |a 284990 
100 |a 20150219d1985 m y0rusy5003 ca 
101 0 |a rus  |a spa 
102 |a RU 
105 |a y z 001zy 
200 1 |a Теоретические проблемы перевода. На материале испанского языка  |f З. Д. Львовская 
210 |a Москва  |c Высшая школа  |d 1985 
215 |a 232 с. 
320 |a Библиогр.: с. 226-230 
606 1 |a Испанский язык  |2 stltpush  |3 (RuTPU)RU\TPU\subj\13209  |9 39858 
606 1 |a Перевод  |x Теория и методика  |x Методика обучения  |2 stltpush  |3 (RuTPU)RU\TPU\subj\48482  |9 67343 
610 1 |a теория 
610 1 |a методология 
610 1 |a переводоведение 
610 1 |a переводческие стратегии 
610 1 |a переводческий анализ 
610 1 |a русский язык 
686 |a Ш147.21  |2 rubbk 
686 |a Ш107  |2 rubbk 
700 1 |a Львовская  |b З. Д.  |g Зинаида Давидовна  |4 070 
801 0 |a RU  |b RuMRKP  |c 19950704  |g psbo 
801 1 |a RU  |b 63413507  |c 20150219 
801 2 |a RU  |b 63413507  |c 20170221  |g RCR 
942 |c BK